serun
ՀԱՅ ԳԻՐՔ = Armenian Book

Գույ Գու-Ցզի ։ (Record no. 165804)

000 -LEADER
fixed length control field nam a22 a 4500
003 - CONTROL NUMBER IDENTIFIER
control field AM-YeNLA
005 - DATE AND TIME OF LATEST TRANSACTION
control field 20260211153604.0
007 - PHYSICAL DESCRIPTION FIXED FIELD--GENERAL INFORMATION
fixed length control field ta
008 - FIXED-LENGTH DATA ELEMENTS--GENERAL INFORMATION
fixed length control field 260211s2025 ai ||||gr|||||000|0|arm||
020 ## - INTERNATIONAL STANDARD BOOK NUMBER
International Standard Book Number 978-9939-0-5308-0
040 ## - CATALOGING SOURCE
Language of cataloging arm
Transcribing agency AM-YeNLA
041 0# - LANGUAGE CODE
Language code of text/sound track or separate title arm
041 1# - LANGUAGE CODE
Language code of text/sound track or separate title rus
Language code of original cc
245 00 - TITLE STATEMENT
Title Գույ Գու-Ցզի ։
Remainder of title Չինաստանի գաղտնի կանոնը /
Statement of responsibility, etc. Չինարենից ռուսերենի թարգմանիչ, առաջաբանի հեղինակ՝ Վ. Մալյավին ; Թարգմանիչ՝ Ա. Տեր-Հովհաննիսյան.
246 10 - VARYING FORM OF TITLE
Title proper/short title Ցզե Սյուան
260 ## - PUBLICATION, DISTRIBUTION, ETC. (IMPRINT)
Place of publication, distribution, etc. Երևան ։
Name of publisher, distributor, etc. Հեղինակային հրատ.,
Date of publication, distribution, etc. 2025.
300 ## - PHYSICAL DESCRIPTION
Extent 157 էջ ;
Dimensions 18 սմ.
600 04 - SUBJECT ADDED ENTRY--PERSONAL NAME
Personal name Գույ Գու-Ցզի
650 14 - SUBJECT ADDED ENTRY--TOPICAL TERM
Topical term or geographic name as entry element Չինաստանի փիլիսոփայություն
650 14 - SUBJECT ADDED ENTRY--TOPICAL TERM
Topical term or geographic name as entry element Փիլիսոփայական աշխարհայացք
Geographic subdivision Չինաստան
700 1# - ADDED ENTRY--PERSONAL NAME
Personal name Մալյավին, Վլադիմիր
Relator term թարգմանիչ
Relator code trl
Relator term առաջաբանի հեղինակ
Relator code aut
700 1# - ADDED ENTRY--PERSONAL NAME
Personal name Տեր-Հովհաննիսյան, Ա.
Relator term թարգմանիչ
Relator code trl
942 ## - ADDED ENTRY ELEMENTS (KOHA)
Source of classification or shelving scheme
Koha item type Books
Holdings
Withdrawn status Lost status Source of classification or shelving scheme Damaged status Not for loan Permanent Location Current Location Date acquired Inventory number Date last seen Price effective from Koha item type
          National Library of Armenia National Library of Armenia 2026-02-11 ՀԱԳ 2026-02-11 2026-02-11 Books

Հայաստանի ազգային գրադարան ՀՀ, 0009,Երևան, Տերյան 72
Հետադարձ կապ